Statistics for Word Unscramble: Car Brands (Part 2)

Click here to take the quiz!

General Stats

  • This quiz has been taken 25 times
  • The average score is 14 of 25

Answer Stats

HintAnswer% Correct
itafFiat
100%
gmMG
100%
mraRam
95%
vvoolVolvo
95%
niimMini
89%
tabABT
84%
psechorPorsche
79%
kŠdoaSkoda
79%
eerdmescMercedes
68%
poleOpel
63%
euoptgePeugeot
63%
tnaos mrnaitAston Martin
58%
slutoLotus
58%
ipaagnPagani
47%
uraacAcura
42%
oinhHino
42%
aarkmKarma
37%
strmaSmart
32%
xvlahlauVauxhall
32%
ololpaApollo
26%
iosncScion
26%
stanudDatsun
21%
clemnarMcLaren
21%
bneloNoble
21%
nriivaRivian
16%

Score Distribution

Percentile by Number Answered

Percent of People with Each Score

Your Score History

You have not taken this quiz